Rapidité : de 100 à 1 - Statistiques

Statistiques générales
  • Ce quiz a été pris 500 fois
  • Le résultat moyen est 31 sur 100
Statistiques - réponses
Réponse % Correct
100
100%
98
97%
99
97%
97
96%
95
93%
96
93%
94
92%
92
90%
93
90%
91
89%
90
85%
89
82%
88
81%
85
80%
86
80%
87
80%
83
79%
84
79%
81
78%
82
78%
80
75%
79
73%
78
72%
77
71%
76
67%
75
66%
74
66%
73
64%
72
61%
71
59%
70
56%
69
50%
68
48%
67
47%
66
41%
65
38%
64
35%
62
33%
63
33%
61
31%
60
28%
59
23%
58
22%
57
21%
56
19%
55
18%
54
15%
53
14%
52
13%
51
11%
50
8%
49
7%
47
6%
48
6%
46
5%
45
4%
35
3%
41
3%
42
3%
43
3%
44
3%
1
2%
10
2%
33
2%
34
2%
36
2%
37
2%
38
2%
39
2%
40
2%
11
1%
12
1%
13
1%
14
1%
15
1%
16
1%
17
1%
18
1%
19
1%
2
1%
20
1%
21
1%
22
1%
23
1%
24
1%
25
1%
26
1%
27
1%
28
1%
29
1%
3
1%
30
1%
31
1%
32
1%
4
1%
5
1%
6
1%
7
1%
8
1%
9
1%
Aucun quiz correspondant
Distribution des résultats
% des personnes avec chaque résultat
Percentile par nombre de réponses
Votre historique - résultats
Vous n’avez pas pris ce quiz